00391nam a2200145Ia 4500008004100000020001500041041001200056082001600068100002000084245007000104260002500174300000800199650001600207700002200223221030s9999 xx 000 0 und d a8120312716 aEnglish a105.23bMis aK. L. P. Mishra 0aTheory Of Computer Sciencecby K. L. P. Mishra, N. Chandrasekaran bTMHaNew Delhic2002 a304 aBE Computer aN. Chandrasekaran